[Event "Titled Tuesday intern op 26th Nov Late"]
[Site "Chess.com INT"]
[Date "2024.11.26"]
[Round "6"]
[White "Zacarias Martinez, Ruben David"]
[Black "Cramling Bellon, Anna"]
[Result "1-0"]
[WhiteElo "2222"]
[BlackElo "2061"]
[PlyCount "77"]
[EventDate "2024.11.26"]
[EventType "swiss (blitz)"]
[EventRounds "11"]
[EventCountry "USA"]
[SourceTitle "CB49_2024"]
[SourceDate "2024.12.04"]
[SourceVersion "1"]
[SourceVersionDate "2024.12.04"]
[SourceQuality "1"]

1. e4 c5 2. Nf3 e6 3. d4 cxd4 4. Nxd4 Nf6 5. Nc3 Nc6 6. Nxc6 bxc6 7. e5 Nd5 8. Ne4 Qc7 9. f4 Qb6 10. c4 Bb4+ 11. Ke2 f5 12. Nf2 Ba6 13. Kf3 Ne7 14. Be3 c5 15. h4 Qc6+ 16. Kg3 0-0 17. Be2 Rab8 18. a3 Ba5 19. b4 cxb4 20. axb4 Bxb4 21. Qa4 Bb7 22. Qxc6 Nxc6 23. Bxa7 Nxa7 24. Rxa7 Bc5 25. Ra2 Bc6 26. Nd3 Be7 27. Bf3 Be4 28. Nf2 Rb3 29. Rd1 Rc8 30. Rxd7 Bf8 31. Ra4 Rc3 32. Rd4 Bc5 33. Rd7 Bf8 34. Rda7 R3xc4 35. Rxc4 Rxc4 36. h5 Rc3 37. Ra6 Kf7 38. Nh3 Bxf3 39. gxf3 1-0

[Event "Titled Tuesday intern op 26th Nov Late"]
[Site "Chess.com INT"]
[Date "2024.11.26"]
[Round "2"]
[White "Zacarias Martinez, Ruben David"]
[Black "Monpeurt, Cyrielle"]
[Result "1-0"]
[WhiteElo "2222"]
[BlackElo "2155"]
[PlyCount "73"]
[EventDate "2024.11.26"]
[EventType "swiss (blitz)"]
[EventRounds "11"]
[EventCountry "USA"]
[SourceTitle "CB49_2024"]
[SourceDate "2024.12.04"]
[SourceVersion "1"]
[SourceVersionDate "2024.12.04"]
[SourceQuality "1"]

1. e4 c5 2. Nf3 g6 3. d4 cxd4 4. Nxd4 Bg7 5. c4 Nc6 6. Be3 Nf6 7. Nc3 d6 8. Be2 0-0 9. 0-0 a5 10. f3 Nxd4 11. Bxd4 Nd7 12. b3 Nc5 13. Rc1 Qc7 14. Nd5 Qd8 15. Bxg7 Kxg7 16. Qd4+ e5 17. Qd2 f5 18. exf5 gxf5 19. Rfd1 Kh8 20. Nc3 Ne6 21. Qxd6 Qxd6 22. Rxd6 Nd4 23. Bf1 f4 24. Re1 Rg8 25. Kf2 Nc6 26. Ne4 Bf5 27. Nc5 Rad8 28. Nxb7 Rxd6 29. Nxd6 Bg6 30. c5 h5 31. Bb5 Nd4 32. Rxe5 Nxb5 33. Nxb5 Bd3 34. Nd6 Kg7 35. c6 Kf6 36. Rd5 Ke6 37. Rxd3 1-0

[Event "Titled Tuesday intern op 10th Sep Late"]
[Site "Chess,com INT"]
[Date "2024.09.10"]
[Round "4"]
[White "Dolinskaya, Mariia"]
[Black "Zacarias Martinez, Ruben David"]
[Result "1-0"]
[WhiteElo "1899"]
[BlackElo "2222"]
[PlyCount "53"]
[EventDate "2024.09.10"]
[EventType "swiss (blitz)"]
[EventRounds "11"]
[EventCountry "USA"]
[SourceTitle "EXT 2025"]
[Source "ChessBase"]
[SourceDate "2024.10.14"]
[SourceVersion "1"]
[SourceVersionDate "2024.10.14"]
[SourceQuality "1"]

1. d4 Nf6 2. c4 e6 3. Nf3 Bb4+ 4. Nbd2 b6 5. a3 Bxd2+ 6. Qxd2 Bb7 7. g3 0-0 8. Bg2 d5 9. Ne5 Nbd7 10. 0-0 c5 11. Nxd7 Qxd7 12. cxd5 Bxd5 13. dxc5 Bxg2 14. Qxd7 Nxd7 15. Kxg2 Nxc5 16. b4 Na4 17. Bf4 b5 18. Rac1 Rfc8 19. Rfd1 Rc4 20. Rd7 a6 21. Rcd1 h6 22. Rb7 e5 23. Bxe5 Re8 24. Bf4 Rc6 25. Rdd7 Rf6 26. Be3 Nb2 27. Bd4 1-0

[Event "Titled Tuesday intern op 10th Sep Late"]
[Site "Chess,com INT"]
[Date "2024.09.10"]
[Round "2"]
[White "Zacarias Martinez, Ruben David"]
[Black "Gulamirian, Korun"]
[Result "1-0"]
[WhiteElo "2222"]
[BlackElo "1890"]
[PlyCount "63"]
[EventDate "2024.09.10"]
[EventType "swiss (blitz)"]
[EventRounds "11"]
[EventCountry "USA"]
[SourceTitle "EXT 2025"]
[Source "ChessBase"]
[SourceDate "2024.10.14"]
[SourceVersion "1"]
[SourceVersionDate "2024.10.14"]
[SourceQuality "1"]

1. e4 e5 2. Nc3 Nc6 3. Bc4 Na5 4. Be2 Nc6 5. Nf3 d6 6. d4 Bg4 7. Be3 Bxf3 8. Bxf3 exd4 9. Bxd4 Nxd4 10. Qxd4 Qf6 11. Qd3 Ne7 12. Qb5+ Kd8 13. Qxb7 Rc8 14. 0-0 h5 15. Nb5 Ng6 16. Nxa7 Qe6 17. Nxc8 Qxc8 18. Qxc8+ Kxc8 19. Be2 Ne5 20. f4 Nc6 21. c3 Be7 22. Bc4 Nd8 23. a4 Rf8 24. b4 c6 25. b5 Kc7 26. Rab1 Bf6 27. Rfc1 Ne6 28. g3 g5 29. bxc6 gxf4 30. Rb7+ Kxc6 31. Bd5+ Kc5 32. Rb5# 1-0

[Event "Titled Tuesday intern op 16th Jul Early"]
[Site "Chess.com INT"]
[Date "2024.07.16"]
[Round "10"]
[White "Cuevas Araya, Walter"]
[Black "Zacarias Martinez, Ruben David"]
[Result "1-0"]
[WhiteElo "2027"]
[BlackElo "2222"]
[PlyCount "71"]
[EventDate "2024.07.16"]
[EventType "swiss (blitz)"]
[EventRounds "11"]
[EventCountry "USA"]
[SourceTitle "EXT 2025"]
[Source "ChessBase"]
[SourceDate "2024.10.14"]
[SourceVersion "1"]
[SourceVersionDate "2024.10.14"]
[SourceQuality "1"]

1. e4 c5 2. d4 cxd4 3. c3 dxc3 4. Nxc3 Nc6 5. Nf3 e6 6. Bc4 a6 7. Qe2 Nge7 8. 0-0 b5 9. Bb3 Na5 10. Bc2 Ng6 11. Rd1 Be7 12. Be3 0-0 13. e5 Nc4 14. Bd4 Bb7 15. Bxg6 hxg6 16. b3 Na5 17. Ne4 Bxe4 18. Qxe4 Qb8 19. Be3 Rd8 20. Bg5 Bxg5 21. Nxg5 Nc6 22. Re1 Kf8 23. Rad1 d5 24. exd6 Rxd6 25. Qh4 Qd8 26. Rxd6 Qxd6 27. Qh8+ Ke7 28. Qxa8 Qd2 29. Nf3 Qd7 30. h3 a5 31. a4 bxa4 32. bxa4 Nb4 33. Qxa5 Nd3 34. Rd1 Qc6 35. Qa7+ Kf6 36. Qd4+ 1-0

[Event "Titled Tuesday intern op 09th Jul Late"]
[Site "Chess.com INT"]
[Date "2024.07.09"]
[Round "7"]
[White "Baskakov, Egor"]
[Black "Zacarias Martinez, Ruben David"]
[Result "1-0"]
[WhiteElo "2215"]
[BlackElo "2222"]
[PlyCount "69"]
[EventDate "2024.07.09"]
[EventType "swiss (blitz)"]
[EventRounds "11"]
[EventCountry "USA"]
[SourceTitle "EXT 2025"]
[Source "ChessBase"]
[SourceDate "2024.10.14"]
[SourceVersion "1"]
[SourceVersionDate "2024.10.14"]
[SourceQuality "1"]

1. e4 c5 2. Nf3 d6 3. d4 cxd4 4. Nxd4 Nf6 5. Nc3 Nc6 6. Nde2 e5 7. g3 Be7 8. Bg2 0-0 9. h3 Be6 10. Nd5 Bxd5 11. exd5 Nb8 12. 0-0 Nbd7 13. c4 Ne8 14. Be3 f5 15. f4 Bf6 16. Rc1 g6 17. g4 fxg4 18. hxg4 Rc8 19. b4 b6 20. Qd2 Bg7 21. g5 Nc7 22. Bh3 Rb8 23. f5 gxf5 24. Bxf5 Qe7 25. Ng3 Kh8 26. Qh2 h6 27. Be4 Rxf1+ 28. Rxf1 Rf8 29. Nf5 Qe8 30. Nxg7 Rxf1+ 31. Kxf1 Qf7+ 32. Nf5 h5 33. Ke2 b5 34. Nxd6 Qf8 35. Qxh5+ 1-0

[Event "Titled Tuesday intern op 09th Jul Late"]
[Site "Chess.com INT"]
[Date "2024.07.09"]
[Round "5"]
[White "Guevara Sanchez, Erick Marvin"]
[Black "Zacarias Martinez, Ruben David"]
[Result "0-1"]
[WhiteElo "2040"]
[BlackElo "2222"]
[PlyCount "94"]
[EventDate "2024.07.09"]
[EventType "swiss (blitz)"]
[EventRounds "11"]
[EventCountry "USA"]
[SourceTitle "EXT 2025"]
[Source "ChessBase"]
[SourceDate "2024.10.14"]
[SourceVersion "1"]
[SourceVersionDate "2024.10.14"]
[SourceQuality "1"]

1. e4 c5 2. Nf3 d6 3. d4 cxd4 4. Nxd4 Nf6 5. Nc3 Nc6 6. Be3 e5 7. Nb3 Be7 8. Be2 Be6 9. 0-0 0-0 10. Bf3 a5 11. a4 Nb4 12. g3 Rc8 13. Bg2 d5 14. exd5 Nfxd5 15. Nxd5 Nxd5 16. Re1 Nxe3 17. Rxe3 Qxd1+ 18. Rxd1 Rxc2 19. Bxb7 Rxb2 20. Nxa5 Bd8 21. Nc6 Bb6 22. Ba6 Bxe3 23. fxe3 Bg4 24. Ra1 f6 25. Bc4+ Kh8 26. a5 Bf3 27. Ne7 Rg2+ 28. Kf1 Rxh2 29. Ra2 Rxa2 30. Bxa2 Ra8 31. Nf5 Rxa5 32. Bc4 g6 33. Nd6 Kg7 34. Ne8+ Kh6 35. Nxf6 e4 36. Nd7 Ra3 37. Ne5 Rxe3 38. Nf7+ Kg7 39. Kf2 Rc3 40. Ne5 g5 41. Be6 h5 42. g4 Kf6 43. Bf5 Kxe5 44. gxh5 Kxf5 45. h6 Rc6 46. h7 Rh6 47. h8Q Rxh8 0-1

[Event "Titled Tuesday intern op 09th Jul Late"]
[Site "Chess.com INT"]
[Date "2024.07.09"]
[Round "4"]
[White "Niekras, Dawid"]
[Black "Zacarias Martinez, Ruben David"]
[Result "1-0"]
[WhiteElo "2344"]
[BlackElo "2222"]
[PlyCount "119"]
[EventDate "2024.07.09"]
[EventType "swiss (blitz)"]
[EventRounds "11"]
[EventCountry "USA"]
[SourceTitle "EXT 2025"]
[Source "ChessBase"]
[SourceDate "2024.10.14"]
[SourceVersion "1"]
[SourceVersionDate "2024.10.14"]
[SourceQuality "1"]

1. e4 c5 2. Nc3 Nc6 3. Bb5 Nd4 4. Bc4 e6 5. Nge2 Ne7 6. Nxd4 cxd4 7. Ne2 Nc6 8. c3 dxc3 9. dxc3 Be7 10. Bf4 d6 11. 0-0 0-0 12. Qd2 Ne5 13. Bb3 Bd7 14. Nd4 Rc8 15. Rad1 Bc6 16. Nxc6 Rxc6 17. Qe3 Qb6 18. Qxb6 Rxb6 19. Be3 Ra6 20. h3 Rc8 21. f4 Nc4 22. Bc1 b5 23. f5 Bf6 24. fxe6 fxe6 25. Rf3 Be5 26. Kf2 Rac6 27. Ke2 a5 28. a4 Rb6 29. axb5 Rxb5 30. Ba4 Rb7 31. b3 Nb6 32. Bb5 Nd7 33. Bc4 Nc5 34. Be3 Re7 35. Bxc5 Rxc5 36. Kd3 g6 37. Kc2 Kg7 38. Rfd3 Rc6 39. Ra1 Rc5 40. Rf3 Re8 41. Raf1 Re7 42. g4 Rcc7 43. Bb5 Rc5 44. c4 Rcc7 45. Rd3 Ra7 46. Rfd1 Rf7 47. R1d2 Rfe7 48. Kb1 Rf7 49. Ka2 Rfe7 50. Ka3 Rf7 51. Ka4 Rfe7 52. Re2 Rf7 53. Rdd2 Rf1 54. Rf2 Rxf2 55. Rxf2 Bc3 56. Rf3 Bb4 57. Rd3 Rf7 58. e5 dxe5 59. Re3 Rf1 60. Bc6 1-0

[Event "Titled Tuesday intern op 09th Jul Late"]
[Site "Chess.com INT"]
[Date "2024.07.09"]
[Round "8"]
[White "Zacarias Martinez, Ruben David"]
[Black "Bardyk, Artem"]
[Result "0-1"]
[WhiteElo "2222"]
[BlackElo "2290"]
[PlyCount "110"]
[EventDate "2024.07.09"]
[EventType "swiss (blitz)"]
[EventRounds "11"]
[EventCountry "USA"]
[SourceTitle "EXT 2025"]
[Source "ChessBase"]
[SourceDate "2024.10.14"]
[SourceVersion "1"]
[SourceVersionDate "2024.10.14"]
[SourceQuality "1"]

1. e4 e5 2. Nf3 Nc6 3. d4 exd4 4. Nxd4 Bb4+ 5. c3 Bc5 6. Be3 Bb6 7. Nf5 Bxe3 8. Nxe3 Nf6 9. f3 0-0 10. c4 d6 11. Nc3 Nd7 12. Be2 Nc5 13. 0-0 f5 14. exf5 Bxf5 15. Nxf5 Rxf5 16. f4 Kh8 17. Qd2 Qf6 18. Bg4 h6 19. Nd5 Rxd5 20. cxd5 Ne7 21. Rae1 Rf8 22. b4 Na6 23. a3 Qf7 24. Re6 Nb8 25. Rfe1 Ng8 26. g3 Nd7 27. R6e2 Nb6 28. Be6 Qf6 29. Qb2 Qxb2 30. Rxb2 Nf6 31. Rd1 Nc4 32. Rb3 g5 33. Rc3 b5 34. a4 a6 35. axb5 axb5 36. Ra1 gxf4 37. gxf4 Ne4 38. Rf3 Ncd2 39. Rh3 Rxf4 40. Ra7 Rf1+ 41. Kg2 Rf2+ 42. Kg1 Nf3+ 43. Rxf3 Rxf3 44. Rxc7 Rb3 45. Bf5 Nf6 46. Rc6 Nxd5 47. Rxd6 Ne3 48. Rxh6+ Kg7 49. Rh7+ Kf6 50. Bh3 Rxb4 51. Rb7 Rb2 52. Bd7 b4 53. h4 b3 54. Ba4 Rg2+ 55. Kh1 b2 0-1

[Event "Titled Tuesday intern op 09th Jul Early"]
[Site "Chess.com INT"]
[Date "2024.07.09"]
[Round "6"]
[White "Zacarias Martinez, Ruben David"]
[Black "Marek, Matyas"]
[Result "1/2-1/2"]
[WhiteElo "2222"]
[BlackElo "2331"]
[PlyCount "97"]
[EventDate "2024.07.09"]
[EventType "swiss (blitz)"]
[EventRounds "11"]
[EventCountry "USA"]
[SourceTitle "EXT 2025"]
[Source "ChessBase"]
[SourceDate "2024.10.14"]
[SourceVersion "1"]
[SourceVersionDate "2024.10.14"]
[SourceQuality "1"]

1. e4 c5 2. Nf3 d6 3. d4 cxd4 4. Nxd4 Nf6 5. f3 e5 6. Nb3 a5 7. c4 a4 8. N3d2 Nc6 9. Nc3 Be7 10. Bd3 Qa5 11. Ndb1 0-0 12. Na3 Be6 13. 0-0 Nd7 14. Be3 Nc5 15. Be2 Rfd8 16. Qd2 Nd4 17. Bxd4 exd4 18. Qxd4 Bf6 19. Qd2 Rac8 20. Kh1 Qb4 21. Rfd1 Bxc3 22. Qxc3 Qxc3 23. bxc3 Kf8 24. Rab1 Ke7 25. Kg1 g5 26. Kf2 Rc6 27. Ke3 h5 28. g3 Rg8 29. Nb5 Rb6 30. Nd4 Rxb1 31. Rxb1 f6 32. Rb6 Bd7 33. Nc2 h4 34. g4 Rc8 35. Nb4 Bc6 36. Nd3 Ne6 37. Rb4 Ra8 38. a3 Ra5 39. Bd1 Kd7 40. Nb2 Nc5 41. Nd3 Ne6 42. Nb2 Nc5 43. Nd3 Nxd3 44. Kxd3 Ke6 45. Kd4 Ra6 46. Rb2 Ra5 47. Rb4 Ra6 48. Rb2 Ra5 49. Rb4 1/2-1/2

[Event "Titled Tuesday intern op 09th Jul Early"]
[Site "Chess.com INT"]
[Date "2024.07.09"]
[Round "3"]
[White "Zacarias Martinez, Ruben David"]
[Black "Rogov, Matfey"]
[Result "1-0"]
[WhiteElo "2222"]
[BlackElo "2188"]
[PlyCount "77"]
[EventDate "2024.07.09"]
[EventType "swiss (blitz)"]
[EventRounds "11"]
[EventCountry "USA"]
[SourceTitle "EXT 2025"]
[Source "ChessBase"]
[SourceDate "2024.10.14"]
[SourceVersion "1"]
[SourceVersionDate "2024.10.14"]
[SourceQuality "1"]

1. e4 e5 2. Nf3 Nf6 3. d4 Nxe4 4. Bd3 d5 5. Nxe5 Nd7 6. Nc3 Bd6 7. Nxe4 Nxe5 8. Nxd6+ cxd6 9. dxe5 dxe5 10. 0-0 0-0 11. Re1 Qf6 12. Qh5 e4 13. Bf1 Bf5 14. c3 Bg6 15. Qxd5 Rad8 16. Qg5 Qb6 17. Qb5 Qc7 18. Be3 a6 19. Qc5 Qb8 20. Rad1 Rc8 21. Qd6 Qa8 22. Be2 b5 23. h4 h6 24. Bd4 Qb7 25. Qg3 h5 26. Bxh5 Rc6 27. Be2 f5 28. h5 f4 29. Qg5 Bh7 30. Bg4 Qf7 31. Be5 Rc7 32. Bxc7 Qxc7 33. Rd7 Qxd7 34. Bxd7 e3 35. Be6+ Kh8 36. fxe3 fxe3 37. Rxe3 Re8 38. Rg3 Rf8 39. Qxg7# 1-0

[Event "Titled Tuesday intern op 02nd Jul Late"]
[Site "Chess.com INT"]
[Date "2024.07.02"]
[Round "5"]
[White "Weetik, Vjacheslav"]
[Black "Zacarias Martinez, Ruben David"]
[Result "1-0"]
[WhiteElo "2423"]
[BlackElo "2222"]
[PlyCount "77"]
[EventDate "2024.07.02"]
[EventType "swiss (blitz)"]
[EventRounds "11"]
[EventCountry "USA"]
[SourceTitle "EXT 2025"]
[Source "ChessBase"]
[SourceDate "2024.10.14"]
[SourceVersion "1"]
[SourceVersionDate "2024.10.14"]
[SourceQuality "1"]

1. d4 Nf6 2. Bf4 g6 3. e3 Bg7 4. Nf3 0-0 5. h3 d6 6. c4 b6 7. Nc3 Bb7 8. Qc2 Nbd7 9. Be2 Qe8 10. 0-0 e5 11. Bh2 a6 12. Rfe1 Qe7 13. b4 h6 14. Rac1 Rac8 15. c5 e4 16. cxd6 cxd6 17. Nd2 d5 18. Qb2 Ne8 19. a3 Nd6 20. Qb3 Qe6 21. Na4 Rxc1 22. Rxc1 Rc8 23. Rxc8+ Nxc8 24. b5 a5 25. Qc3 Nf8 26. Qc7 Qd7 27. Nxb6 Nxb6 28. Qxb6 a4 29. Bc7 Bc8 30. Bd6 Ne6 31. Bb4 f5 32. Qd6 Qe8 33. Qxd5 Kh7 34. Nc4 Ng5 35. Nd6 Qd7 36. Bc4 h5 37. Qg8+ Kh6 38. Qxc8 Qe7 39. Nxf5+ 1-0

[Event "Titled Tuesday intern op 02nd Jul Late"]
[Site "Chess.com INT"]
[Date "2024.07.02"]
[Round "9"]
[White "Zacarias Martinez, Ruben David"]
[Black "Baltabaev, Temirlan"]
[Result "0-1"]
[WhiteElo "2222"]
[BlackElo "2295"]
[PlyCount "122"]
[EventDate "2024.07.02"]
[EventType "swiss (blitz)"]
[EventRounds "11"]
[EventCountry "USA"]
[SourceTitle "EXT 2025"]
[Source "ChessBase"]
[SourceDate "2024.10.14"]
[SourceVersion "1"]
[SourceVersionDate "2024.10.14"]
[SourceQuality "1"]

1. e4 e5 2. Nf3 Nc6 3. d4 exd4 4. Nxd4 Nf6 5. Nc3 Bb4 6. Nxc6 bxc6 7. Bd3 d5 8. exd5 cxd5 9. 0-0 c6 10. h3 0-0 11. Bf4 Re8 12. Qf3 h6 13. Rad1 Bb7 14. Na4 c5 15. c3 c4 16. cxb4 cxd3 17. Nc5 Bc6 18. Qxd3 Qb6 19. Qd4 a5 20. bxa5 Rxa5 21. b4 Rxa2 22. Bxh6 Bb5 23. Rfe1 gxh6 24. Rxe8+ Bxe8 25. Rd3 Qd6 26. Rg3+ Kf8 27. Nb7 Qe7 28. Qf4 Qxb7 29. Qxf6 Ra6 30. Qd4 Rg6 31. Qh8+ Ke7 32. Re3+ Re6 33. Rxe6+ fxe6 34. Qxh6 Qxb4 35. Qg7+ Bf7 36. h4 Qe1+ 37. Kh2 Qxf2 38. Qg5+ Qf6 39. Qg3 e5 40. Qa3+ Ke6 41. Qa6+ Ke7 42. Qb7+ Kf8 43. Qc8+ Kg7 44. Qg4+ Qg6 45. Qd7 Qe6 46. Qd8 Qg4 47. Qe7 Qf4+ 48. g3 Qf2+ 49. Kh3 Qf5+ 50. Kg2 d4 51. Qd8 d3 52. Qd6 Qe4+ 53. Kh2 Qd5 54. Qe7 d2 55. Qg5+ Kf8 56. Qh6+ Ke8 57. Qh8+ Kd7 58. Qb8 d1Q 59. Qa7+ Ke6 60. Qb6+ Qd6 61. Qf2 Q1d2 0-1

[Event "Titled Tuesday intern op 02nd Jul Late"]
[Site "Chess.com INT"]
[Date "2024.07.02"]
[Round "2"]
[White "Zacarias Martinez, Ruben David"]
[Black "Rosen, Eric S"]
[Result "0-1"]
[WhiteElo "2222"]
[BlackElo "2374"]
[PlyCount "70"]
[EventDate "2024.07.02"]
[EventType "swiss (blitz)"]
[EventRounds "11"]
[EventCountry "USA"]
[SourceTitle "EXT 2025"]
[Source "ChessBase"]
[SourceDate "2024.10.14"]
[SourceVersion "1"]
[SourceVersionDate "2024.10.14"]
[SourceQuality "1"]

1. e4 c5 2. Nf3 Nc6 3. Bb5 Nf6 4. Nc3 Nd4 5. Bc4 a6 6. a4 e6 7. d3 d5 8. Ba2 Be7 9. 0-0 0-0 10. e5 Nd7 11. Bf4 Nxf3+ 12. Qxf3 Rb8 13. a5 b5 14. axb6 Qxb6 15. Bb3 Bb7 16. Qe2 Rfc8 17. Bg3 c4 18. dxc4 dxc4 19. Bxc4 Qc6 20. Bd5 exd5 21. e6 d4 22. f3 fxe6 23. Bxb8 dxc3 24. Bf4 cxb2 25. Rab1 Bf6 26. Rfd1 Nf8 27. Kh1 Qxc2 28. Qe3 e5 29. Bg5 Nd7 30. h3 a5 31. Kh2 Qc7 32. Kh1 Qc2 33. Kh2 Bc6 34. Bxf6 gxf6 35. Qa3 a4 0-1

[Event "Asuncion Tuykua Memorial"]
[Site "Asuncion"]
[Date "2024.06.10"]
[Round "5"]
[White "Zacarias Martinez, Ruben David"]
[Black "Perdomo, Leandro Daniel"]
[Result "1/2-1/2"]
[WhiteElo "2199"]
[BlackElo "2391"]
[PlyCount "20"]
[EventDate "2024.06.08"]
[EventType "tourn"]
[EventRounds "9"]
[EventCountry "PAR"]
[SourceTitle "EXT 2025"]
[Source "ChessBase"]
[SourceDate "2024.10.14"]
[SourceVersion "1"]
[SourceVersionDate "2024.10.14"]
[SourceQuality "1"]

1. e4 e5 2. Nc3 Nf6 3. Bc4 Nc6 4. d3 Bc5 5. f4 d6 6. Nf3 h6 7. Na4 exf4 8. Nxc5 dxc5 9. Bxf4 0-0 10. Qd2 Be6 1/2-1/2

[Event "Asuncion Tuykua Memorial"]
[Site "Asuncion"]
[Date "2024.06.09"]
[Round "3"]
[White "Zacarias Martinez, Ruben David"]
[Black "Hoffman, Alejandro"]
[Result "1/2-1/2"]
[WhiteElo "2199"]
[BlackElo "2355"]
[PlyCount "27"]
[EventDate "2024.06.08"]
[EventType "tourn"]
[EventRounds "9"]
[EventCountry "PAR"]
[SourceTitle "EXT 2025"]
[Source "ChessBase"]
[SourceDate "2024.10.14"]
[SourceVersion "1"]
[SourceVersionDate "2024.10.14"]
[SourceQuality "1"]

1. e4 g6 2. d4 Bg7 3. Nf3 c5 4. d5 d6 5. Be2 Nf6 6. Nc3 0-0 7. 0-0 Na6 8. Nd2 Nc7 9. a4 b6 10. Nc4 Ba6 11. Na3 Bxe2 12. Qxe2 a6 13. Rb1 Re8 14. Ra1 1/2-1/2

[Event "Titled Tuesday intern op 04th Jun Late"]
[Site "Chess.com INT"]
[Date "2024.06.04"]
[Round "4"]
[White "Emeliantsev, Anatoliy"]
[Black "Zacarias Martinez, Ruben David"]
[Result "1-0"]
[WhiteElo "2359"]
[BlackElo "2199"]
[PlyCount "123"]
[EventDate "2024.06.04"]
[EventType "swiss (blitz)"]
[EventRounds "11"]
[EventCountry "USA"]
[SourceTitle "EXT 2025"]
[Source "ChessBase"]
[SourceDate "2024.10.14"]
[SourceVersion "1"]
[SourceVersionDate "2024.10.14"]
[SourceQuality "1"]

1. d4 Nf6 2. c4 e6 3. Nc3 Bb4 4. e3 b6 5. Bd3 Bb7 6. Nf3 0-0 7. 0-0 c5 8. Na4 cxd4 9. a3 Be7 10. exd4 d5 11. c5 Ne4 12. b4 Nd7 13. Be3 f5 14. Rc1 Rc8 15. Re1 Bf6 16. Bb1 g5 17. Nd2 f4 18. Nxe4 dxe4 19. Bd2 Bxd4 20. Bxe4 Bxe4 21. Rxe4 bxc5 22. Rxe6 Rf6 23. Qg4 Rxe6 24. Qxe6+ Kg7 25. bxc5 Nxc5 26. Nxc5 Rxc5 27. Rxc5 Bxc5 28. Bc3+ Kf8 29. Qf5+ Ke8 30. Qe5+ Kf8 31. Qf5+ Ke8 32. h4 Qd1+ 33. Kh2 Qh5 34. Qxc5 Qxh4+ 35. Kg1 Qh5 36. Qe5+ Kd7 37. Bb4 Qd1+ 38. Qe1 Qd5 39. Qe7+ Kc6 40. Qxh7 g4 41. Qg6+ Kb5 42. Qxg4 Qc4 43. Qf3 a5 44. Be1 Ka4 45. g3 fxg3 46. fxg3 Qd4+ 47. Bf2 Qc4 48. Qf4 Qxf4 49. gxf4 Kxa3 50. f5 Kb3 51. f6 a4 52. f7 a3 53. f8Q Ka2 54. Qc8 Kb1 55. Qf5+ Ka2 56. Qd5+ Kb1 57. Bd4 a2 58. Qb3+ Kc1 59. Qxa2 Kd1 60. Bc3 Kc1 61. Qb2+ Kd1 62. Qd2# 1-0

[Event "Titled Tuesday intern op 04th Jun Late"]
[Site "Chess.com INT"]
[Date "2024.06.04"]
[Round "9"]
[White "Zacarias Martinez, Ruben David"]
[Black "Gabdushev, Ruslan"]
[Result "1/2-1/2"]
[WhiteElo "2199"]
[BlackElo "2256"]
[PlyCount "127"]
[EventDate "2024.06.04"]
[EventType "swiss (blitz)"]
[EventRounds "11"]
[EventCountry "USA"]
[SourceTitle "EXT 2025"]
[Source "ChessBase"]
[SourceDate "2024.10.14"]
[SourceVersion "1"]
[SourceVersionDate "2024.10.14"]
[SourceQuality "1"]

1. e4 e5 2. Nf3 d5 3. Nxe5 Bd6 4. d4 dxe4 5. Nc3 Bxe5 6. dxe5 Qxd1+ 7. Kxd1 Bf5 8. Nd5 Na6 9. Bxa6 0-0-0 10. Ke2 Rxd5 11. Bc4 Rxe5 12. Bxf7 Nf6 13. h3 Rf8 14. Bb3 Bg6 15. Be3 Bh5+ 16. g4 Bg6 17. Rad1 b6 18. Bd4 Re7 19. a4 c5 20. Be3 Rd8 21. a5 Bf7 22. Bxf7 Rxf7 23. axb6 axb6 24. Rxd8+ Kxd8 25. Ra1 Rd7 26. Bg5 Kc7 27. Ra7+ Kd6 28. Ra6 Kc6 29. Bxf6 gxf6 30. Ke3 Rd1 31. Ra8 Re1+ 32. Kd2 Rh1 33. Rf8 Rxh3 34. Rxf6+ Kb5 35. Rf4 Rh2 36. Ke2 h5 37. gxh5 Rxh5 38. Rxe4 Rh6 39. Rg4 Kc6 40. Rg5 Re6+ 41. Kf3 b5 42. Rg1 Rf6+ 43. Ke2 Re6+ 44. Kf3 Rf6+ 45. Kg2 Kd5 46. Rd1+ Kc4 47. Kf1 b4 48. b3+ Kc3 49. Rd5 Kxc2 50. Rxc5+ Kxb3 51. Ke2 Ka2 52. Rb5 b3 53. Ke3 b2 54. f4 b1Q 55. Rxb1 Kxb1 56. Ke4 Kb2 57. Ke5 Rf8 58. f5 Kc3 59. f6 Kc4 60. Ke6 Kc5 61. Ke7 Rc8 62. f7 Kc6 63. f8Q Rxf8 64. Kxf8 1/2-1/2

[Event "Titled Tuesday intern op 04th Jun Late"]
[Site "Chess.com INT"]
[Date "2024.06.04"]
[Round "11"]
[White "Zacarias Martinez, Ruben David"]
[Black "Kiselev, Pavel"]
[Result "1-0"]
[WhiteElo "2199"]
[BlackElo "2139"]
[PlyCount "85"]
[EventDate "2024.06.04"]
[EventType "swiss (blitz)"]
[EventRounds "11"]
[EventCountry "USA"]
[SourceTitle "EXT 2025"]
[Source "ChessBase"]
[SourceDate "2024.10.14"]
[SourceVersion "1"]
[SourceVersionDate "2024.10.14"]
[SourceQuality "1"]

1. e4 Nc6 2. d4 e5 3. Nf3 d5 4. Bb5 dxe4 5. Nxe5 Bd7 6. Bxc6 Bxc6 7. Nxc6 bxc6 8. Nc3 Nf6 9. Bg5 Bb4 10. 0-0 Bxc3 11. bxc3 h6 12. Bh4 0-0 13. c4 Re8 14. Re1 Qd6 15. c3 Qe6 16. Qc2 Nd7 17. c5 f5 18. Bg3 Nf6 19. Bxc7 Nd5 20. Be5 Ne7 21. Rab1 Ng6 22. f4 exf3 23. gxf3 Nh4 24. Qf2 Qg6+ 25. Kh1 Qh5 26. Rg1 g5 27. Rg3 Kf7 28. Rb7+ Re7 29. Qb2 Rae8 30. Qb3+ Kf8 31. Rxe7 Rxe7 32. Bd6 f4 33. Bxe7+ Kxe7 34. Qb7+ Kf8 35. Qc8+ Kf7 36. Qd7+ Kf8 37. Rh3 a5 38. Qd6+ Kf7 39. Qxc6 g4 40. Qd7+ Kg8 41. Qxg4+ Qxg4 42. fxg4 f3 43. Kg1 1-0

[Event "Titled Tuesday intern op 21st May Late"]
[Site "Chess.com INT"]
[Date "2024.05.21"]
[Round "4"]
[White "Bykov, Egor"]
[Black "Zacarias Martinez, Ruben David"]
[Result "1-0"]
[WhiteElo "2424"]
[BlackElo "2199"]
[PlyCount "117"]
[EventDate "2024.05.21"]
[EventType "swiss (blitz)"]
[EventRounds "11"]
[EventCountry "USA"]
[SourceTitle "CBM 220 Extra"]
[Source "ChessBase"]
[SourceDate "2024.07.31"]
[SourceVersion "1"]
[SourceVersionDate "2024.07.31"]
[SourceQuality "1"]

1. e4 c5 2. Nf3 d6 3. d4 cxd4 4. Nxd4 Nf6 5. Nc3 Nc6 6. Bg5 e6 7. Qd2 a6 8. 0-0-0 Bd7 9. f4 Be7 10. f5 b5 11. Bxf6 gxf6 12. fxe6 fxe6 13. Be2 h5 14. Qe3 Qb6 15. Rhf1 0-0-0 16. a3 Ne5 17. Qg1 Kb8 18. Kb1 Rc8 19. g3 Nc4 20. Nb3 Qxg1 21. Rxg1 Nxa3+ 22. bxa3 Rxc3 23. Rgf1 h4 24. Kb2 Rc7 25. Rf4 hxg3 26. hxg3 Rh2 27. Bd3 e5 28. Rff1 Be6 29. Nc1 Bc4 30. Rh1 Rg2 31. Rh8+ Kb7 32. Rh7 Bxd3 33. Nxd3 Rgxc2+ 34. Kb1 R2c3 35. Kb2 Rc2+ 36. Kb1 a5 37. Rxe7 Rxe7 38. Kxc2 Rg7 39. Rg1 Kc6 40. Kb3 d5 41. Nf2 Kd6 42. g4 Rh7 43. Rg3 Rh2 44. Rf3 Ke6 45. exd5+ Kxd5 46. Rxf6 e4 47. Rf5+ Kd4 48. Nxe4 Kxe4 49. Rxb5 Kd4 50. Rxa5 Rg2 51. g5 Rg4 52. Kb4 Rg1 53. Rb5 Rb1+ 54. Ka5 Ra1 55. a4 Kc4 56. g6 Rg1 57. Rb6 Kc5 58. Ka6 Rg5 59. Rb5+ 1-0